Boys Names that start with H - Statistics

General Stats
  • This quiz has been taken 400 times
  • The average score is 9 of 21
Answer Stats
Answer % Correct
Harry
91%
Henry
91%
Harold
68%
Harrison
60%
Hugh
52%
Hayden
51%
Howard
49%
Harvey
48%
Hal
46%
Hunter
43%
Hugo
38%
Hamish
37%
Harley
35%
Hudson
34%
Herman
32%
Heath
24%
Houston
17%
Henrich
15%
Huckleberry
13%
Harvard
4%
Harpo
3%
No matching quizzes found
Score Distribution
Percent of People with Each Score
Percentile by Number Answered
Your Score History
You have not taken this quiz